01298nab a22002537a 4500999001500000003000400015005001700019008004100036040000700077100002900084245013300113300001300246500003800259505023100297505009400528505011800622650002800740650001900768650002600787650003500813700002400848773015900872942001301031 c6269d6269OSt20260128192931.0190514b xxu||||| |||| 00| 0 spa d cPJ 96973aCartabia, Sabrina 10aAlimentos :bestándares de derechos humanos. Hacia una interpretación contextualizada /cSabrina Cartabia, Luisina Carrizo.  ap. 78-86 aCita: TR LALEY AR/DOC/2708/2025.  aSumario: I. Introducción.— II. Monteros, Tucumán "R., B. C. c. S., L. N. s/ alimentos", 23/05/2025, Expte. Nro. 68/21.— III. CCiv. y Com. Necochea, "D. N. G. c. R. L. D. s/ alimentos", 16/05/2025.— IV. Conclusión.  tFallo comentado: CCiv. y Com., Necochea ~ 16/05/2025 ~ D. N. G. c. R. L. D. s/ alimentos. tFallo comentado: TGestión AsociadaFamilia, Nro. 1 Monteros ~ 23/05/2025 ~ R., B. C. c. S., L. N. s/ alimentos.  09967aDERECHO DE FAMILIA 09968aALIMENTOS 09614aDERECHOS HUMANOS 091057aJURISPRUDENCIA APLICABLE 94324aRubaja, Nieve0 0284493222dBuenos Aires : AbeledoPerrot, 1989-tDerecho de familia. Revista Interdisciplinaria de doctrina y jurisprudencia. Diciembre 2025-VI.z18511201 2udccANA